Stati con più Ebrei in America del Nord - Statistics

Statistiche generali
  • Questo quiz è stato fatto 7 volte
  • Il punteggio medio è 10 su 12
Statistiche sulle risposte
Ebrei (in numeri assoluti) Stato % Corretto
393 000 Canada
100%
40 000 Messico
100%
5 700 000 Stati Uniti
100%
200 Bahamas
86%
2 500 Costa Rica
86%
500 Cuba
86%
100 El Salvador
86%
500 Giamaica
86%
900 Guatemala
86%
10 000 Panama
86%
100 Barbados
71%
100 Repubblica Dominicana
71%
Nessun quiz corrispondente trovato
Distribuzione punteggi
Percentuale di utenti per punteggio
Percentile per numero di risposta
I tuoi punteggi nel tempo
Non hai fatto questo quiz